[Event "Veterans-Women"]
[Site "Monte Carlo"]
[Date "1994.??.??"]
[Round "3"]
[White "Chiburdanidze, Maia"]
[Black "Spassky, Boris V"]
[Result "1/2-1/2"]
[WhiteElo "2520"]
[BlackElo "2565"]

1.e4 e5 2.Nf3 Nc6 3.Bb5 a6 4.Ba4 Nf6 5.O-O Be7 6.Qe2 b5 7.Bb3 O-O 8.c3 d6
9.Rd1 Na5 10.Bc2 c5 11.d4 Qc7 12.d5 Bd7 13.b3 Ne8 14.a4 bxa4 15.bxa4 g6 16.Bh6 Ng7
17.Na3 f5 18.exf5 Bxf5 19.Nd2 Nb7 20.Rdb1 Nd8 21.Bxf5 gxf5 22.Nac4 Nf7 23.Bxg7 Kxg7
24.Rb6 Bd8 25.Rab1 Ra7 26.Ne3 Qc8 27.Rc6 Bc7 28.Nec4 Qd7 29.Nb6 Qe7 30.Ndc4 Qg5  1/2-1/2

[Event "Veterans-Women"]
[Site "Monte Carlo"]
[Date "1994.??.??"]
[Round "5"]
[White "Chiburdanidze, Maia"]
[Black "Ivkov, Borislav"]
[Result "1/2-1/2"]
[WhiteElo "2520"]
[BlackElo "2485"]

1.c4 c5 2.Nf3 g6 3.d4 cxd4 4.Nxd4 Bg7 5.e4 Nc6 6.Be3 Nf6 7.Nc3 O-O 8.Be2 d6
9.O-O Bd7 10.f3 Nxd4 11.Bxd4 Bc6 12.b4 Nh5 13.Bxg7 Nxg7 14.Rb1 a5 15.b5 Bd7
16.f4 Be6 17.Qd4 Rc8 18.Na4 Bd7 19.Rbd1 Ne6 20.Qd5 b6 21.f5 Nc5 22.Nc3 Kg7
23.fxg6 hxg6 24.e5 dxe5 25.Qxe5+ f6 26.Qe3 Rf7 27.Rf4 Qc7 28.Nd5 Qd6 29.Rff1 Rh8
30.h3 Qb8 31.Rd2 Rh4 32.Rf4 Rxf4 33.Nxf4 Bf5 34.g4 e5 35.Nh5+ gxh5 36.gxf5 Rd7
37.Bxh5 Rxd2 38.Qxd2 Qc7 39.Qg2+ Kf8 40.Qg6 Qg7 41.Qxg7+ Kxg7 42.Bf3 Kh6
43.h4 Nd3 44.Kf1 Nc5 45.Ke2 Kg7 46.Bh5 Kh6 47.Be8 Kg7 48.Kf3 Kh6 49.Kg4 Kg7
50.Kh5 Kh7 51.Bf7 Kg7  1/2-1/2

[Event "Veterans-Women"]
[Site "Monte Carlo"]
[Date "1994.??.??"]
[Round "7"]
[White "Chiburdanidze, Maia"]
[Black "Larsen, Bent"]
[Result "1-0"]
[WhiteElo "2520"]
[BlackElo "2560"]

1.Nf3 c5 2.c4 Nc6 3.d4 cxd4 4.Nxd4 Nf6 5.Nc3 e6 6.a3 Be7 7.e4 d6 8.Be2 O-O
9.O-O a6 10.Nxc6 bxc6 11.Be3 c5 12.f4 Qc7 13.Qc2 Bb7 14.Rae1 Nd7 15.Bd3 Rae8
16.Rf3 g6 17.Rh3 f5 18.exf5 exf5 19.Bf2 Bf6 20.Rd1 Bxc3 21.Qxc3 Nf6 22.b4 Qc6
23.Bf1 Re2 24.Rxd6 Qxd6 25.Bxe2 Ne4 26.Qe5 Qd2 27.Qe6+ Rf7 28.Rxh7 Kxh7 29.Qxf7+ Kh6
30.Qg8 Qc3 31.Bxc5 Nxc5 32.Qf8+ Kh7 33.Qxc5 Be4 34.Kf2 Qxa3 35.Qe7+ Kh6 36.g4  1-0

[Event "Veterans-Women"]
[Site "Monte Carlo"]
[Date "1994.??.??"]
[Round "8"]
[White "Spassky, Boris V"]
[Black "Chiburdanidze, Maia"]
[Result "1/2-1/2"]
[WhiteElo "2565"]
[BlackElo "2520"]

1.e4 e5 2.Nf3 Nc6 3.Nc3 Nf6 4.Bb5 d6 5.d4 exd4 6.Nxd4 Bd7 7.O-O Be7 8.Bxc6 bxc6
9.Qf3 O-O 10.e5 dxe5 11.Nxc6 Bxc6 12.Qxc6 Qd6 13.Qc4 Rab8 14.Rd1 Rb4 15.Qe2 Qe6
16.a3 Rbb8 17.b3 Bc5 18.Be3 Bb6 19.h3  1/2-1/2

[Event "Veterans-Women"]
[Site "Monte Carlo"]
[Date "1994.??.??"]
[Round "12"]
[White "Hort, Vlastimil"]
[Black "Chiburdanidze, Maia"]
[Result "1/2-1/2"]
[WhiteElo "2535"]
[BlackElo "2520"]

1.e4 c5 2.Nf3 d6 3.d4 cxd4 4.Nxd4 Nf6 5.Nc3 Nc6 6.Bg5 e6 7.Qd2 a6 8.O-O-O h6
9.Be3 Be7 10.f3 Nxd4 11.Bxd4 b5 12.Qf2 Bd7 13.Bd3 b4 14.Ne2 e5 15.Be3 a5
16.Kb1 O-O 17.g4 Be6 18.h4 Nd7 19.g5 h5 20.f4 exf4 21.Nxf4 g6 22.Bd4 Ne5
23.Bb5 Qc7 24.Ba4 Qb7 25.Rhe1 Bg4 26.Rc1 Kh7 27.Nd5 Nf3 28.Bf6 Bxf6 29.Nxf6+ Kg7
30.Red1 Qe7 31.Rd5 Ne5 32.Qb6 Rfb8 33.Rxa5 Rxb6 34.Rxa8 Qxf6 35.gxf6+ Kxf6
36.Ra7 g5 37.hxg5+ Kxg5 38.Bb3 h4 39.Bxf7 h3 40.Rh1 Rb8 41.Bd5 Rh8 42.a4 bxa3
43.Rxa3 Bf3 44.Rh2 Ng4 45.Rxf3 Nxh2 46.Rf5+ Kg6 47.Bf7+ Kg7 48.Bd5 Kg6 49.Bf7+ Kg7
50.Bd5  1/2-1/2

[Event "Moscow ol (Women)"]
[Site "Moscow"]
[Date "1994.??.??"]
[Round "1"]
[White "Berezina, Irina"]
[Black "Chiburdanidze, Maia"]
[Result "0-1"]
[WhiteElo "2210"]
[BlackElo "2505"]

1.d4 Nf6 2.c4 e6 3.Nf3 d5 4.Nc3 Be7 5.cxd5 exd5 6.Bg5 O-O 7.e3 Nbd7 8.Be2 b6
9.O-O Bb7 10.Rc1 a6 11.Qc2 c5 12.dxc5 bxc5 13.Rfd1 Rc8 14.Qd2 Qb6 15.h3 Rfd8
16.Na4 Qe6 17.Bf4 Ne4 18.Qa5 Re8 19.a3 h6 20.Qe1 Qf6 21.Bh2 Bf8 22.Qf1 Nb6
23.Nxb6 Qxb6 24.Rb1 Qa5 25.Qe1 Qa4 26.Rdc1 Rcd8 27.Bc7 Rd7 28.Ba5 d4 29.Rc4 Qc6
30.exd4 Qf6 31.Qf1 cxd4 32.Rd1 d3 33.Bxd3 Qxb2 34.Bb4 Bxb4 35.axb4 Rde7 36.Rc2 Qxb4
37.Bxa6 Nc3 38.Ra1 Bxf3 39.gxf3 Nd5 40.Qc4 Re1+ 41.Rxe1 Rxe1+ 42.Kg2 Nf4+
43.Kh2 Qd6 44.Qc5 Qg6  0-1

[Event "Moscow ol (Women)"]
[Site "Moscow"]
[Date "1994.??.??"]
[Round "2"]
[White "Chiburdanidze, Maia"]
[Black "Misanovic, Vesna"]
[Result "1-0"]
[WhiteElo "2505"]
[BlackElo "2355"]

1.c4 Nf6 2.Nc3 g6 3.g3 Bg7 4.Bg2 O-O 5.e4 Nc6 6.Nge2 a6 7.O-O Rb8 8.f4 d6
9.d4 Na5 10.b3 b5 11.cxb5 axb5 12.e5 Nd7 13.Be3 b4 14.Ne4 f6 15.Rc1 Nb6 16.exf6 exf6
17.d5 Re8 18.Bxb6 Rxb6 19.Nd4 h6 20.f5 Re5 21.fxg6 Qe7 22.Qc2 c5 23.dxc6 f5
24.Nf2 Rc5 25.Qd2 Bxd4 26.Qxd4 Nxc6 27.Bxc6 Rbxc6 28.Rce1 Re5 29.Nd3 Re4
30.Qd5+  1-0

[Event "Moscow ol (Women)"]
[Site "Moscow"]
[Date "1994.??.??"]
[Round "7"]
[White "Chiburdanidze, Maia"]
[Black "Foisor, Cristina Adela B"]
[Result "1-0"]
[WhiteElo "2505"]
[BlackElo "2405"]

1.d4 Nf6 2.Nf3 g6 3.c4 Bg7 4.g3 O-O 5.Bg2 d6 6.Nc3 c6 7.O-O Bf5 8.Ne1 Qd7
9.e4 Bh3 10.Qe2 Bxg2 11.Kxg2 Na6 12.f3 Ne8 13.Be3 Nec7 14.Nd3 b5 15.cxb5 Nxb5
16.Nxb5 cxb5 17.Rac1 Rfc8 18.d5 Qb7 19.Qf2 Rc4 20.b3 Rc3 21.Rxc3 Bxc3 22.Rc1 b4
23.Bd4 Rc8 24.Bxa7 Nc7 25.Qb6 Qxb6 26.Bxb6 Nb5 27.Nxb4 Rb8 28.Bc7 Rb7 29.Ba5 Ra7
30.Nc6 Bxa5 31.a4 Ra8 32.axb5 Bb6 33.Nxe7+ Kg7 34.Rc6 Bd4  1-0

[Event "Moscow ol (Women)"]
[Site "Moscow"]
[Date "1994.??.??"]
[Round "9"]
[White "Chiburdanidze, Maia"]
[Black "Matveeva, Svetlana"]
[Result "0-1"]
[WhiteElo "2505"]
[BlackElo "2450"]

1.Nf3 d5 2.d4 Nf6 3.c4 e6 4.Nc3 Bb4 5.cxd5 exd5 6.Bg5 h6 7.Qa4+ Nc6 8.Bxf6 Qxf6
9.e3 O-O 10.Be2 Be6 11.Rc1 a6 12.O-O Bd6 13.Ne1 Ne7 14.Nd3 Nf5 15.g3 c6 16.Qb3 Rab8
17.Na4 Rfe8 18.Nb6 Re7 19.Rfe1 Rbe8 20.Bf1 h5 21.Nc5 h4 22.g4 Qg5 23.Nxe6 Qxg4+
24.Kh1 Rxe6 25.Qd1 Nh6 26.h3 Qg5 27.Qf3 Rf6 28.Qg2 Qf5 29.Be2 Qxf2  0-1

[Event "Moscow ol (Women)"]
[Site "Moscow"]
[Date "1994.??.??"]
[Round "11"]
[White "Tazhieva, Lyazzat"]
[Black "Chiburdanidze, Maia"]
[Result "0-1"]
[WhiteElo "2250"]
[BlackElo "2505"]

1.d4 e6 2.c4 b6 3.Nc3 Bb7 4.e4 Bb4 5.Bd3 f5 6.Qh5+ g6 7.Qe2 Nf6 8.Bg5 fxe4
9.Bxf6 exd3 10.Qe5 Nc6 11.Qg5 Be7 12.Bxe7 Qxe7 13.Qxe7+ Kxe7 14.Nf3 Na5 15.Nd2 Bxg2
16.Rg1 Bh3 17.Rg3 Bf5 18.b3 c6 19.Nf3 d5 20.cxd5 cxd5 21.Nh4 Raf8 22.Nxf5+ Rxf5
23.Rxd3 Rhf8 24.Nd1 Rf3 25.Re3 Kd6 26.Rc1 R3f4 27.Rd3 Rh4 28.Rcc3 Rff4  0-1

[Event "Moscow ol (Women)"]
[Site "Moscow"]
[Date "1994.??.??"]
[Round "12"]
[White "Chiburdanidze, Maia"]
[Black "Litinskaya, Marta I"]
[Result "1/2-1/2"]
[WhiteElo "2505"]
[BlackElo "2295"]

1.c4 f5 2.g3 g6 3.Bg2 Bg7 4.Nc3 Nf6 5.d3 d6 6.e4 fxe4 7.dxe4 Nc6 8.Nge2 O-O
9.h3 Kh8 10.Be3 Nd7 11.b3 e6 12.Qd2 a6 13.Rd1 Qe8 14.f4 Rf7 15.g4 Nf8 16.O-O Rb8
17.Ng3 b5  1/2-1/2

[Event "Moscow ol (Women)"]
[Site "Moscow"]
[Date "1994.??.??"]
[Round "14"]
[White "Hoang Than Trang"]
[Black "Chiburdanidze, Maia"]
[Result "1/2-1/2"]
[WhiteElo "2285"]
[BlackElo "2505"]

1.d4 d6 2.c4 e5 3.Nf3 Nd7 4.Nc3 g6 5.e4 Bg7 6.Be2 f6 7.Be3 Nh6 8.O-O O-O
9.Qc1 Nf7 10.Rd1 c6 11.b4 Qe7 12.dxe5 dxe5 13.c5 f5 14.exf5 gxf5 15.Bc4 Kh8
16.Ng5 Nxg5  1/2-1/2

[Event "Sevilla op"]
[Site "Sevilla"]
[Date "1994.??.??"]
[Round "3"]
[White "Chiburdanidze, Maia"]
[Black "Rodriguez Talavera, Juan Carlos"]
[Result "1/2-1/2"]
[WhiteElo "2520"]
[BlackElo "2355"]

1.d4 Nf6 2.Nf3 g6 3.Bg5 Bg7 4.Nbd2 d5 5.e3 O-O 6.Be2 Nbd7 7.O-O Re8 8.c4 c6
9.Rc1 h6 10.Bh4 g5 11.Bg3 Nh5 12.cxd5 Nxg3 13.hxg3 cxd5 14.Qb3 e6 15.Rc2 Nb6
16.Rfc1 Bd7 17.Bb5 Rc8 18.Ne5 Bxb5 19.Qxb5 Rxc2 20.Rxc2 Bxe5 21.dxe5 Qb8
22.b3 Rc8 23.Rxc8+ Qxc8 24.Qa5 Nd7 25.Qxa7 Qc1+ 26.Nf1 Nc5 27.Qb8+  1/2-1/2

[Event "Sevilla op"]
[Site "Sevilla"]
[Date "1994.??.??"]
[Round "6"]
[White "Eslon, Jaan"]
[Black "Chiburdanidze, Maia"]
[Result "1/2-1/2"]
[WhiteElo "2425"]
[BlackElo "2520"]

1.d4 Nf6 2.c4 g6 3.Nc3 d5 4.Bf4 Bg7 5.Rc1 O-O 6.e3 c5 7.dxc5 Qa5 8.cxd5 Ne4
9.Ne2 Nxc5 10.a3 Nba6 11.f3 Nd7 12.Nd4 Nf6 13.e4 Bd7 14.Be3 Ne8 15.Be2 Nd6
16.O-O Rfc8 17.Nb3 Qd8 18.Bd4 Bh6 19.f4 b5 20.Kh1 Nc4 21.Bxc4 Rxc4 22.Qd3 Qc7
23.Be5 Qb6 24.Rcd1 Rac8 25.Bd4 Qc7 26.Be5 Qb6 27.f5 b4 28.axb4 Rxb4 29.Nd4 f6
30.Bg3 Nc5 31.Qf3 Na4 32.Nc6 Bxc6 33.dxc6 Qxc6 34.Nd5 Rb7 35.fxg6 hxg6 36.Qg4 Kf7
37.e5 f5 38.Rxf5+ gxf5 39.Qxf5+ Kg8 40.e6 Bg7 41.Qf7+ Kh8 42.Qh5+ Kg8 43.Qf7+ Kh8  1/2-1/2

[Event "Sevilla op"]
[Site "Sevilla"]
[Date "1994.??.??"]
[Round "9"]
[White "Chiburdanidze, Maia"]
[Black "Hansen, Sune Berg"]
[Result "1/2-1/2"]
[WhiteElo "2520"]
[BlackElo "2415"]

1.c4 g6 2.Nc3 Bg7 3.g3 d6 4.Bg2 e5 5.e3 Nc6 6.d3 f5 7.Nge2 Nf6 8.Rb1 O-O
9.b4 Ne7 10.O-O Kh8 11.b5 g5 12.f4 gxf4 13.exf4 a6 14.a4 axb5 15.axb5 c6
16.bxc6 bxc6 17.Kh1 Qe8 18.Bd2 Qh5 19.Kg1 Qg6 20.c5 Nd7 21.cxd6 Qxd6 22.Be3 Ba6
23.fxe5 Nxe5 24.d4 Ng4 25.Bf4 Qe6 26.Qd2 Bxe2 27.Rfe1 Qc4 28.Nxe2 Ra2 29.Qb4 Qxb4
30.Rxb4 Nd5 31.Rb8 Rxb8 32.Bxb8 Nc3 33.Bf3 Nxe2+ 34.Rxe2 Bxd4+  1/2-1/2

[Event "Candidats (Women) Tournament"]
[Site "Tilburg"]
[Date "1994.??.??"]
[Round "2"]
[White "Chiburdanidze, Maia"]
[Black "Ioseliani, Nana"]
[Result "1/2-1/2"]
[WhiteElo "2505"]
[BlackElo "2435"]

1.c4 e6 2.d4 d5 3.Nc3 c6 4.e3 Nf6 5.Nf3 a6 6.a3 Nbd7 7.Bd3 dxc4 8.Bxc4 b5
9.Ba2 c5 10.dxc5 Bxc5 11.e4 Bb7 12.Qe2 O-O 13.O-O Qc7 14.Bg5 Qc6 15.Rad1 a5  1/2-1/2

[Event "Candidats (Women) Tournament"]
[Site "Tilburg"]
[Date "1994.??.??"]
[Round "3"]
[White "Arakhamia, Ketevan"]
[Black "Chiburdanidze, Maia"]
[Result "1/2-1/2"]
[WhiteElo "2450"]
[BlackElo "2505"]

1.e4 c6 2.d4 d5 3.Nc3 dxe4 4.Nxe4 Bf5 5.Ng3 Bg6 6.h4 h6 7.Nf3 Nf6 8.Ne5 Bh7
9.c3 e6 10.Bd3 Bxd3 11.Qxd3 Nbd7 12.Bf4 Nd5 13.Bd2 Nb4 14.cxb4 Nxe5 15.Qe4 Nc4
16.Bc3 Qd5 17.Qxd5 cxd5 18.b5 h5 19.a4 Be7 20.Ke2 Kd7 21.Nf1 Rag8 22.g3 Nd6
23.Nd2 f6 24.Rac1 Nf5 25.Nf3 Bd6 26.Kd3 Nh6 27.Rcd1 Ng4 28.Ke2 Rc8 29.Rd3 Rc4
30.Ra1 Rf8 31.Nd2 Rcc8 32.Rf1 Rf7 33.f4 Nh6 34.Nf3 Nf5 35.Kf2 Bc7 36.Re1 Bb6
37.Kg2 Rc4 38.Ra1 Rf8 39.Ra2 Rg8 40.Ra1 Nd6 41.Nd2 Rcc8 42.Rf1 g6 43.Re1 Rg7
44.Re2 Rcg8 45.Nb3 Ne4 46.a5 Bd8 47.Nc5+ Nxc5 48.dxc5 Rf7 49.b4 g5 50.c6+ bxc6
51.bxc6+ Kxc6 52.Rxe6+ Kb7 53.hxg5 fxg5 54.fxg5 Bxg5 55.Rxd5 Bf4 56.a6+ Kc7
57.Rd3 h4 58.Be1 Bxg3 59.Bxg3+ Rxg3+ 60.Rxg3 hxg3  1/2-1/2

[Event "Candidats (Women) Tournament"]
[Site "Tilburg"]
[Date "1994.??.??"]
[Round "6"]
[White "Foisor, Cristina Adela B"]
[Black "Chiburdanidze, Maia"]
[Result "0-1"]
[WhiteElo "2405"]
[BlackElo "2505"]

1.c4 b6 2.Nf3 Bb7 3.Nc3 c5 4.e4 d6 5.d4 cxd4 6.Nxd4 Nf6 7.f3 e6 8.Be2 Be7
9.Be3 a6 10.Qd2 Nbd7 11.O-O Rc8 12.Rac1 Qc7 13.Rfd1 Qb8 14.Kh1 O-O 15.Qe1 Rfe8
16.Qf2 Bd8 17.Nb3 Bc7 18.g4 Nc5 19.g5 Nh5 20.Qh4 g6 21.Bf1 Rcd8 22.Qf2 Rf8
23.Nd4 Rde8 24.b4 Nd7 25.b5 a5 26.Bh3 Qa8 27.Nce2 Nc5 28.Nb3 f5 29.Nxc5 bxc5
30.Qe1 Bxe4 31.fxe4 Qxe4+ 32.Bg2 Qxe3 33.Qd2 Qe5 34.b6 Bb8 35.Ng1 d5 36.Nf3 Qd6
37.cxd5 e5 38.Bf1 e4 39.Ng1 f4 40.Rc2 f3 41.Qe3 Qxh2+  0-1

[Event "Candidats (Women) Tournament"]
[Site "Tilburg"]
[Date "1994.??.??"]
[Round "7"]
[White "Chiburdanidze, Maia"]
[Black "Galliamova, Alisa"]
[Result "0-1"]
[WhiteElo "2505"]
[BlackElo "2475"]

1.d4 d5 2.Nf3 Nf6 3.e3 e6 4.Bd3 c5 5.b3 Nc6 6.Bb2 Bd6 7.O-O O-O 8.a3 b6 9.Nbd2 Bb7
10.Qe2 Qe7 11.Ne5 Rac8 12.f4 Bb8 13.Rf3 Ne4 14.Rh3 Nxe5 15.dxe5 h6 16.Rf1 Nxd2
17.Qxd2 c4 18.Be2 Qc5 19.b4 c3 20.Qe1 Qc7 21.Bc1 f6 22.exf6 Rxf6 23.Rh5 Qf7
24.Qh4 Rf8 25.g4 g5 26.Qh3 Qg7 27.fxg5 Rxf1+ 28.Bxf1 Qf7 29.Qg2 d4 30.Qe2 Ba6
31.b5 Bxb5 32.g6 Qxf1+  0-1

[Event "Candidats (Women) Tournament"]
[Site "Tilburg"]
[Date "1994.??.??"]
[Round "11"]
[White "Ioseliani, Nana"]
[Black "Chiburdanidze, Maia"]
[Result "1/2-1/2"]
[WhiteElo "2435"]
[BlackElo "2505"]

1.d4 Nf6 2.c4 e6 3.Nc3 Bb4 4.Bg5 c5 5.d5 exd5 6.cxd5 d6 7.e3 Nbd7 8.Bb5 Qa5
9.Bxd7+ Nxd7 10.Ne2 Ne5 11.O-O Qa6 12.a3 Bxc3 13.Nxc3 O-O 14.Qc2 Bd7 15.f4 Nc4
16.Rfe1 Rae8 17.e4 f6 18.Bh4 Nb6 19.b3 c4 20.b4 Na4 21.Nxa4 Bxa4 22.Qc3 Rf7
23.Ra2 Bb3 24.Rae2 Qa4 25.e5 fxe5 26.fxe5 Rxe5 27.Rxe5 dxe5 28.Qxe5 Qd7 29.d6 h6
30.h3 Ba4 31.Rc1 Rf5 32.Qd4 Bb5 33.a4 Bxa4 34.Qxc4+ Kh7 35.Qe4 Kh8 36.Qe7 Qxe7
37.Bxe7 Rd5 38.Rc8+ Kh7 39.Rc7 Bc6 40.Bf8 Kg8 41.Bxg7  1/2-1/2

[Event "Candidats (Women) Tournament"]
[Site "Tilburg"]
[Date "1994.??.??"]
[Round "12"]
[White "Chiburdanidze, Maia"]
[Black "Arakhamia, Ketevan"]
[Result "1-0"]
[WhiteElo "2505"]
[BlackElo "2450"]

1.c4 Nf6 2.Nc3 g6 3.g3 Bg7 4.Bg2 O-O 5.e4 d6 6.Nge2 c5 7.d3 Nc6 8.O-O a6
9.Rb1 Rb8 10.a3 Ne8 11.b4 Nc7 12.bxc5 dxc5 13.Na4 Ne6 14.Nb6 Qd6 15.f4 Rd8
16.Nd5 b5 17.e5 Qd7 18.Nec3 Ned4 19.Ne4 Qa7 20.Be3 Bf5 21.g4 Bxe4 22.Bxe4 bxc4
23.dxc4 Rxb1 24.Qxb1 Rb8 25.Qe1 Rb3 26.Qh4 Rxa3 27.f5 Bxe5 28.fxg6 hxg6 29.Bxg6 fxg6
30.Qh6 Bg7 31.Qxg6 Qb8 32.Bh6 Qe5 33.Nf6+ Qxf6 34.Rxf6 Ra1+ 35.Kg2 Ra2+ 36.Kf1  1-0

[Event "Candidats (Women) Tournament"]
[Site "Tilburg"]
[Date "1994.??.??"]
[Round "14"]
[White "Cramling, Pia"]
[Black "Chiburdanidze, Maia"]
[Result "1/2-1/2"]
[WhiteElo "2525"]
[BlackElo "2505"]

1.d4 Nf6 2.c4 e6 3.Nf3 d5 4.Nc3 dxc4 5.e4 Bb4 6.Bg5 c5 7.Bxc4 cxd4 8.Nxd4 Bxc3+
9.bxc3 Qa5 10.Bb5+ Nbd7 11.Bxf6 Qxc3+ 12.Kf1 gxf6 13.h4 a6 14.Rh3 Qb4 15.Be2 Qd6
16.Qa4 O-O 17.Rd1 Qe7 18.Rc3 Nc5 19.Qb4 b6 20.Nc6 Qc7 21.Qd4 Qf4 22.Rg3+ Kh8
23.Rg4 Qh6 24.e5 fxe5 25.Nxe5 f6 26.Qd6 Nb7 27.Qxb6 fxe5 28.Bf3 a5 29.Kg1 Qf6
30.Rc4 a4 31.Rc7 Ra5 32.Bxb7 Bxb7 33.Rxb7 Rb5 34.Qxb5 Qxf2+ 35.Kh1 Qxh4+
36.Kg1 Qf2+ 37.Kh1  1/2-1/2

[Event "Candidats (Women) Tournament"]
[Site "Tilburg"]
[Date "1994.??.??"]
[Round "15"]
[White "Chiburdanidze, Maia"]
[Black "Foisor, Cristina Adela B"]
[Result "1-0"]
[WhiteElo "2505"]
[BlackElo "2405"]

1.Nf3 Nf6 2.g3 g6 3.b3 Bg7 4.Bb2 O-O 5.Bg2 c5 6.c4 Nc6 7.O-O d6 8.d4 cxd4
9.Nxd4 Bd7 10.Nc3 Nxd4 11.Qxd4 Bc6 12.Nd5 Bxd5 13.Bxd5 Qd7 14.Bg2 a6 15.Rfd1 Rab8
16.c5 Ne8 17.Qd2 Qf5 18.Bxg7 Kxg7 19.Qe3 Qe6 20.Qxe6 fxe6 21.Rac1 Rf5 22.b4 b6
23.e4 Rf8 24.cxd6 exd6 25.Rc6 e5 26.a4 Rf7 27.Rdc1 Rbb7 28.Rc8 Rfe7 29.R1c6 a5
30.b5 h5 31.h4 Kf6 32.Rd8 Kf7 33.Bf1 Red7 34.Rxb6 Rxd8 35.Rxb7+ Kf6 36.Ra7 d5
37.exd5 Rxd5 38.Rxa5 e4 39.b6 Rd8 40.Ra7  1-0

[Event "Candidats (Women) Tournament"]
[Site "Tilburg"]
[Date "1994.??.??"]
[Round "18"]
[White "Maric, Alisa"]
[Black "Chiburdanidze, Maia"]
[Result "1/2-1/2"]
[WhiteElo "2400"]
[BlackElo "2505"]

1.d4 Nf6 2.Nf3 e6 3.c4 d5 4.Nc3 c5 5.cxd5 Nxd5 6.e4 Nxc3 7.bxc3 cxd4 8.cxd4 Bb4+
9.Bd2 Bxd2+ 10.Qxd2 O-O  1/2-1/2

[Event "Karditsa"]
[Site "Karditsa"]
[Date "1995.??.??"]
[Round "2"]
[White "Chiburdanidze, Maia"]
[Black "Kotronias, Vasilios"]
[Result "1/2-1/2"]
[WhiteElo "2520"]
[BlackElo "2570"]

1.d4 Nf6 2.Nf3 g6 3.c4 Bg7 4.g3 O-O 5.Bg2 d6 6.Nc3 Nbd7 7.O-O e5 8.e4 c6
9.b3 Qb6 10.Bb2 exd4 11.Na4 Qc7 12.Qxd4 Re8 13.Rad1 Nb6 14.Nc3 Bg4 15.h3 Bxf3
16.Bxf3 Qc8 17.Qxd6 Qxh3 18.Qc7 Ng4 19.Bxg4 Qxg4 20.Qxb7 Qf3 21.c5 Re5 22.Qxa8+ Nxa8
23.Rd8+ Bf8 24.Nd5 Rxd5 25.exd5 Nc7 26.Be5 Nb5 27.d6 Nc3 28.d7 Ne2+ 29.Kh2 Qh5+
30.Kg2 Qxe5 31.Rxf8+ Kxf8 32.d8=Q+ Kg7 33.Qd6 Qe4+ 34.f3 Qe3 35.Qxc6 Nxg3
36.Kxg3 Qg5+ 37.Kh3 Qh5+ 38.Kg2 Qg5+  1/2-1/2

[Event "Karditsa"]
[Site "Karditsa"]
[Date "1995.??.??"]
[Round "3"]
[White "Grivas, Efstratios"]
[Black "Chiburdanidze, Maia"]
[Result "1/2-1/2"]
[WhiteElo "2460"]
[BlackElo "2520"]

1.d4 Nf6 2.c4 e6 3.Nf3 d5 4.Nc3 c5 5.cxd5 Nxd5 6.e4 Nxc3 7.bxc3 cxd4 8.cxd4 Bb4+
9.Bd2 Bxd2+ 10.Qxd2 O-O 11.Bc4 Nc6 12.O-O b6 13.a3 Bb7 14.d5 Na5 15.Ba2 exd5
16.exd5 Qf6 17.Rac1 Rfd8 18.Rfd1  1/2-1/2

[Event "Karditsa"]
[Site "Karditsa"]
[Date "1995.??.??"]
[Round "5"]
[White "Kotronias, Vasilios"]
[Black "Chiburdanidze, Maia"]
[Result "1-0"]
[WhiteElo "2570"]
[BlackElo "2520"]

1.e4 c6 2.d4 d5 3.e5 c5 4.dxc5 Nc6 5.Bb5 e6 6.Be3 Qa5+ 7.Nc3 Bd7 8.Nf3 Nge7
9.a3 Qc7 10.b4 Ng6 11.Bxc6 bxc6 12.Bd4 f6 13.exf6 gxf6 14.Bxf6 Rg8 15.Qd4 Be7
16.Bxe7 Kxe7 17.O-O-O Raf8 18.Rhe1 Qf4+ 19.Qe3 Kd8 20.Ne2 Qxe3+ 21.fxe3 Kc7
22.e4 dxe4 23.Nd2 Nh4 24.Ng3 Nxg2 25.Rxe4 Rf2 26.Nc4 Nf4 27.Rd2 Rxd2 28.Kxd2 Rf8
29.Ne5 Be8 30.Ne2 Nxe2 31.Kxe2 Rg8 32.Kf2 Rg5 33.Nf3 Rg6 34.Rf4 Rg8 35.Rf6 Kd7
36.Ne5+ Ke7 37.Rh6 Rg7 38.Ke3 Rg2 39.Rxh7+ Kf6 40.Nd7+ Bxd7 41.Rxd7 Rxc2
42.Rxa7 Rxh2 43.Rc7 Ke5 44.Kd3 Rh3+ 45.Kc4 Rh4+ 46.Kb3 Rh3+ 47.Ka4 Kd5 48.Rd7+ Kc4
49.Rd6 Rh8 50.Ka5 Ra8+ 51.Kb6 e5 52.Kxc6 Rxa3 53.b5 Ra8 54.b6 Rc8+ 55.Kd7 Rh8
56.c6 Rh7+ 57.Ke6 Kc5 58.c7  1-0

[Event "Karditsa"]
[Site "Karditsa"]
[Date "1995.??.??"]
[Round "6"]
[White "Chiburdanidze, Maia"]
[Black "Grivas, Efstratios"]
[Result "1/2-1/2"]
[WhiteElo "2520"]
[BlackElo "2460"]

1.d4 Nf6 2.Nf3 g6 3.c4 Bg7 4.g3 O-O 5.Bg2 d6 6.O-O Nc6 7.Nc3 Bf5 8.b3 Ne4
9.Bb2 Nxc3 10.Bxc3 Be4 11.Qd2 d5 12.Rfd1 e6 13.Ne1 Bxg2 14.Kxg2 a5  1/2-1/2

[Event "Lippstadt"]
[Site "Lippstadt"]
[Date "1995.??.??"]
[Round "1"]
[White "Chiburdanidze, Maia"]
[Black "Hoffmann, Michael"]
[Result "1-0"]
[WhiteElo "2500"]
[BlackElo "2485"]

1.d4 Nf6 2.c4 g6 3.g3 Bg7 4.Bg2 d5 5.Nc3 dxc4 6.Qa4+ Nfd7 7.Nf3 O-O 8.Bf4 Nb6
9.Qb5 c6 10.Qc5 Na6 11.Qa3 Nd5 12.Rd1 Nab4 13.O-O Nxf4 14.gxf4 Nd5 15.e3 Qd6
16.Qxd6 exd6 17.Nxd5 cxd5 18.Nd2 Be6 19.Nb1 Rfc8 20.Nc3 Rab8 21.Nxd5 Kf8
22.Rc1 b5 23.b3 a5 24.Be4 f5 25.Bf3 Kf7 26.bxc4 bxc4 27.Rb1 Rxb1 28.Rxb1 c3
29.Rc1 Bxd5 30.Bxd5+ Ke7 31.Kg2 Bf6 32.Kg3 h6 33.Bb3 g5 34.Bc2 Ke6 35.Rb1 gxf4+
36.Kxf4 Bg5+ 37.Kf3 Bd8 38.Rb5 d5 39.Ke2 Rc4 40.Kd3 a4 41.Rb8 Be7 42.Rh8 f4
43.Rxh6+ Bf6 44.Rh7 a3 45.Bb3 c2 46.Bxc2 Rb4 47.Bb3 f3 48.Ra7  1-0

[Event "Lippstadt"]
[Site "Lippstadt"]
[Date "1995.??.??"]
[Round "2"]
[White "Wehmeier, Stefan"]
[Black "Chiburdanidze, Maia"]
[Result "1/2-1/2"]
[WhiteElo "2410"]
[BlackElo "2500"]

1.e4 e6 2.d4 d5 3.Nd2 dxe4 4.Nxe4 Nd7 5.Nf3 Ngf6 6.Nxf6+ Nxf6 7.Bd3 c5 8.O-O cxd4
9.Nxd4 Bc5 10.Nb3 Bd6 11.Bg5 h6 12.Bb5+ Ke7 13.Bd2 Qc7 14.h3 Rd8 15.Qf3 Bd7
16.Bxd7 Rxd7 17.Rac1 Qc4 18.Rfe1 Rc8 19.g3 Qd5 20.Qxd5 Nxd5 21.c4 Nf6 22.Re2 Ke8
23.Be3 a6 24.Rec2 Ne4 25.Kf1 Nc5 26.Nxc5 Bxc5 27.Bxc5 Rxc5 28.b4 Re5 29.Re2  1/2-1/2

[Event "Lippstadt"]
[Site "Lippstadt"]
[Date "1995.??.??"]
[Round "4"]
[White "Mainka, Romuald"]
[Black "Chiburdanidze, Maia"]
[Result "0-1"]
[WhiteElo "2530"]
[BlackElo "2500"]

1.e4 e6 2.d4 d5 3.Nc3 dxe4 4.Nxe4 Nd7 5.Nf3 Ngf6 6.Nxf6+ Nxf6 7.Bg5 h6 8.Bh4 c5
9.Bb5+ Bd7 10.Bxd7+ Qxd7 11.Qe2 Be7 12.O-O-O O-O 13.dxc5 Qa4 14.Kb1 Rac8
15.Rd4 Qa5 16.Ne5 Qxc5 17.Rc4 Qb5 18.a4 Qb6 19.Rd1 Ba3 20.c3 Nd5 21.Rxc8 Rxc8
22.Ka1 Qb3 23.c4 Bxb2+  0-1

[Event "Lippstadt"]
[Site "Lippstadt"]
[Date "1995.??.??"]
[Round "8"]
[White "Chiburdanidze, Maia"]
[Black "Matthias, Heiner"]
[Result "1-0"]
[WhiteElo "2500"]
[BlackElo "2330"]

1.d4 Nf6 2.c4 e6 3.Nc3 Bb4 4.e3 c5 5.Bd3 Nc6 6.Ne2 cxd4 7.exd4 d5 8.cxd5 Nxd5
9.O-O O-O 10.Nxd5 Qxd5 11.a3 Be7 12.Be3 Rd8 13.Qc2 g6 14.Rfd1 Qd7 15.Be4 Qe8
16.Nc3 f5 17.Bf3 Bf6 18.d5 Ne5 19.Be2 Bd7 20.Qb3 Qf7 21.Qxb7 Rab8 22.Qxa7 Rxb2
23.dxe6 Qxe6 24.Qa6 Qxa6 25.Bxa6 Ra8 26.Bf1 Be6 27.Bd4 Rb3 28.Nb5 Ra4 29.f4 Nd7
30.Bxf6 Nxf6 31.Rd6 Kf7 32.Nd4 Re3 33.Bb5 Ra5 34.Rxe6 Rxe6 35.Bc4 Nd5 36.Nxe6 Kxe6  1-0

[Event "Lippstadt"]
[Site "Lippstadt"]
[Date "1995.??.??"]
[Round "9"]
[White "Stangl, Markus"]
[Black "Chiburdanidze, Maia"]
[Result "1-0"]
[WhiteElo "2560"]
[BlackElo "2500"]

1.Nf3 d5 2.c4 c6 3.d4 Nf6 4.Nc3 e6 5.e3 Nbd7 6.Qc2 Bd6 7.b3 e5 8.cxd5 Nxd5
9.Bb2 Nxc3 10.Bxc3 Qe7 11.Bd3 Bb4 12.Bxb4 Qxb4+ 13.Qd2 Qxd2+ 14.Kxd2 exd4
15.Nxd4 Nc5 16.Bc2 Ke7 17.e4 a5 18.a3 Be6 19.Ke3 Ra6 20.Rhd1 Nd7 21.f4 f6
22.Rd2 c5 23.Nxe6 Rxe6 24.Bd3 Rd6 25.Rad1 Rd8 26.Bb5 Nf8 27.Rxd6 Rxd6 28.Rxd6 Kxd6
29.f5 Ke5 30.a4 b6 31.Be8 h6 32.h4 Nh7 33.Kd3 Nf8 34.Kc4 Kd6 35.Kb5 Kc7 36.Ka6 Nh7
37.Ka7 Nf8 38.Ka6 Nh7 39.Kb5 Nf8 40.g3 Nh7 41.g4 Nf8 42.Bc6 Nh7 43.Bd5 Nf8
44.e5 fxe5 45.g5 hxg5 46.hxg5 Nh7 47.f6 g6 48.f7 Kd6 49.Bc4 Ke7 50.Kxb6 Nxg5
51.Kxa5 Nxf7 52.Kb6 Nd6 53.Be2 c4 54.bxc4  1-0

[Event "Belgrade Yugometal (Women)"]
[Site "Belgrade"]
[Date "1996.??.??"]
[Round "1"]
[White "Chiburdanidze, Maia"]
[Black "Skripchenko, Almira"]
[Result "1/2-1/2"]
[WhiteElo "2540"]
[BlackElo "2370"]

1.d4 d5 2.c4 c6 3.Nf3 Nf6 4.e3 Bf5 5.Nc3 e6 6.Nh4 Bg6 7.Qb3 Qc8 8.Nxg6 hxg6
9.g3 Nbd7 10.Bg2 Be7 11.O-O O-O 12.Re1 Rd8 13.cxd5 exd5 14.e4 dxe4 15.Nxe4 Nxe4
16.Bxe4 Kf8 17.d5 Nc5 18.Qf3 Nxe4 19.Qxe4 Bf6 20.dxc6 Qxc6 21.Qxc6 bxc6 22.Rb1 Rab8
23.b3 c5 24.Bf4 Rbc8 25.Rbc1 Bd4 26.Rc4 Rd5 27.h4 Rc6 28.Ra4 a6 29.Kg2 f6
30.Re2 Kf7 31.Rc4 g5 32.hxg5 fxg5 33.Bc1 Rf6 34.Rcc2 Rdf5 35.Bb2 Kg6 36.Bxd4 cxd4
37.Rcd2 Rd6 38.Re4 d3 39.Re3 Rfd5 40.Kf3 Kf6 41.Re4 Kf5 42.g4+ Kf6 43.Ke3 Kf7
44.f3 Kf6 45.Kf2 Rc5 46.Ke3 Rcd5 47.Re8 Kf7 48.Rc8 Re6+ 49.Kf2 Kf6 50.Rc3 Red6
51.Rc4 Re6  1/2-1/2